Statistics for Guess the Stray Kids Member by Picture

Click here to take the quiz!

General Stats

  • This quiz has been taken 3,990 times
  • The average score is 8 of 8

Answer Stats

Answer% Correct
Felix
100%
Bang Chan
99%
Changbin
98%
Han
98%
I.N
98%
Lee Know
98%
Hyunjin
97%
Seungmin
95%

Score Distribution

Percentile by Number Answered

Percent of People with Each Score

Your Score History

You have not taken this quiz